| 000 | 01438cam a22003131 4500 | ||
|---|---|---|---|
| 001 | sg 44000304 | ||
| 003 | DLC | ||
| 005 | 20260227112744.0 | ||
| 008 | 850225s1943 caubc 00010aeng | ||
| 010 | _asg 44000304 //r954 | ||
| 040 |
_aDLC/ICU _cICU _dDLC |
||
| 043 |
_an-usp-- _an-us-ca |
||
| 050 | 0 | 0 |
_aF856 _b.C237 no. 18 Rare bk. Coll. |
| 082 | 0 | 0 |
_a978 _a979.40082 |
| 100 | 1 | 0 |
_aGriffin, John S. _q(John Strother), _d1816-1898. |
| 245 | 1 | 2 |
_aA doctor comes to California, _bthe diary of John S. Griffin, assistant surgeon with Kearny's dragoons, 1846-1847; _cwith an introduction and notes by George Walcott Ames, jr., and a foreword by George D. Lyman, M.D. |
| 260 | 0 |
_aSan Francisco, _bCalifornia historical society, _c1943. |
|
| 300 |
_a1 p.l., 97 p. _bfront. (port.) maps. _c27 cm. |
||
| 490 | 1 |
_a[California historical society. Special publication _vno. 18] |
|
| 500 | _a"Reprinted from the California historical society quarterly, volume XXI, numbers 3 and 4, and volume XXII, no. 1." | ||
| 650 | 0 | _aOverland journeys to the Pacific. | |
| 651 | 0 |
_aSouthwest, New _xDescription and travel. |
|
| 651 | 0 |
_aCalifornia _xDescription and travel. |
|
| 650 | 0 | _aKearny's Expedition, 1846. | |
| 600 | 1 | 0 |
_aGriffin, John S. _q(John Strother), _d1816-1898 _xDiaries. |
| 650 | 0 |
_aSurgeons _zUnited States _xDiaries. |
|
| 700 | 1 | 1 |
_aAmes, George Walcott, _eed. |
| 830 | 0 |
_aSpecial publication (California Historical Society) ; _vno. 18. |
|
| 999 |
_c90502 _d90502 |
||